Rhapsody: A Dream in Four Parts Quiz - Statistics

General Stats
  • This quiz has been taken 2 times
  • The average score is 11 of 18
Answer Stats
Hint Answer % Correct
Age group which was permitted to join the Marching Band for this first time this show 8th Grade
100%
Section of musicians that did flag work during this part Brass
100%
Day of the week the band almost never got anything done Friday
100%
Which country did the band go to in March of the next year? Ireland
100%
Part of the show which contained the ONLY horns-down. 2a
50%
Evil unnamed portion of the show completely composed by Dr. Darren Gage 2b
50%
Number of members in the band (+-2) 39
50%
And the boy's name? Avery Kim
50%
Part 3 of the show Bohemian Rhapsody
50%
"Look at that piano ___ go!" boy
50%
Instrument which opened the show Clarinet
50%
As to not cause musical tears, "don't listen _______" forward
50%
The classic american musician which composed of this song George Gershwin
50%
The often forgotten first song of the show, before the salute, where all the band members went to sleep Go to Sleep / Brahms' Lullaby
50%
Iconic repeated word shouted by the percussionists in Part 3 No
50%
The Main Theme Song of the show, Parts 1 and 4 Rhapsody in Blue
50%
Part 2a of the show Rhapsody on a Theme of Paganini
50%
Set formation that was prevelant throughout the show, especially in Part 4 Diagonal Lines
0%
No matching quizzes found
Score Distribution
Percent of People with Each Score
Percentile by Number Answered
Your Score History
You have not taken this quiz